Gagnant trophée FIFA the Best - Statistiques

Statistiques générales
  • Ce quiz a été pris 447 fois
    101 depuis la dernière actualisation
  • Le résultat moyen est 28 sur 34
Statistiques - réponses
Année Joueur % Correct
2017 Cristiano Ronaldo
100%
2016 Cristiano Ronaldo
100%
2014 Cristiano Ronaldo
100%
2013 Cristiano Ronaldo
100%
2008 Cristiano Ronaldo
100%
2023 Lionel Messi
100%
2022 Lionel Messi
100%
2019 Lionel Messi
100%
2015 Lionel Messi
100%
2012 Lionel Messi
100%
2011 Lionel Messi
100%
2010 Lionel Messi
100%
2009 Lionel Messi
100%
2002 Ronaldo
99%
1997 Ronaldo
99%
1996 Ronaldo
99%
2018 Luka Modrić
95%
2007 Kaká
93%
2024 Vinicius Junior
92%
2003 Zinédine Zidane
92%
2000 Zinédine Zidane
92%
1998 Zinédine Zidane
92%
2021 Robert Lewandowski
88%
2020 Robert Lewandowski
88%
2005 Ronaldinho
85%
2004 Ronaldinho
85%
2006 Fabio Cannavaro
72%
1999 Rivaldo
57%
2001 Luís Figo
51%
1992 Marco van Basten
42%
1995 George Weah
38%
1993 Roberto Baggio
36%
1994 Romário
20%
1991 Lothar Matthäus
19%
Aucun quiz correspondant
Distribution des résultats
% des personnes avec chaque résultat
Percentile par nombre de réponses
Votre historique - résultats
Vous n’avez pas pris ce quiz depuis la dernière actualisation